000 00448nam a2200157 i 4500
001 bg
100 1 _aMIERZBICZAK, Józef
245 0 _aElektrotechnika i elektronika. Ćwiczenia rachunkowe /
_cJózef Mierzbiczak, Ryszard Ksycki, Edward Małachowski.
260 _aBydgoszcz,
_c1977.
700 1 _aKSYCKI, Ryszard
700 1 _aMAŁACHOWSKI, Edward
040 _cBPK
041 _apol
942 _cKS
008 s pl f |000 0 pol
999 _c9854
_d9854
856 _uhttp://koha.tu.koszalin.pl/cgi-bin/koha/opac-detail.pl?biblionumber=9854
_yKatalog online BPK